Poczet prezydentów Rzeczypospolitej Polskiej - Statystyki

Ogólne statystyki
  • Ten quiz został rozwiązany 119 razy
  • Średni wynik to 8 z 10
Statystyki odpowiedzi
okres urzędowania imię i nazwisko % Poprawnych
6 sierpnia 2015r.- nadal Andrzej Duda
97%
od 23 grudnia 1995r.- do 23 grudnia 2005r. Aleksander Kwaśniewski
89%
6 sierpnia 2010r.- 6 sierpnia 2015r. Bronisław Komorowski
89%
23 grudnia 2005r.- 10 kwietnia 2010r. Lech Kaczyński
89%
22 grudnia 1990r.- 22 grudnia 1995r. Lech Wałęsa
89%
1 grudnia 1989r.- 22 grudnia 1990r. Wojciech Jaruzelski
78%
11 grudnia 1922r.-16 grudnia 1922r. Gabriel Narutowicz
75%
5 lutego 1947r.- 20 listopada 1952r. Bolesław Bierut
56%
4 czerwca 1926r.- 30 września 1939r. Ignacy Mościcki
56%
20 grudnia 1922r.- 15 maja 1926r. Stanisław Wojciechowski
45%
Nie znaleziono quizów pasujących do podanych kryteriów
Rozkład punktacji
Procent ludzi z każdym wynikiem
Percentyl według liczby udzielonych odpowiedzi
Twoja historia wyników
Nie rozwiązałeś tego quizu